Southville International School and Colleges
Your cart is empty.
  • Cart
  • Lists
    Public lists Eva Luna New books Lux_list list_1
    Your lists Log in to create your own lists
  • Log in to your account
  • Your cookies
  • Search history
Southville International School and Colleges
  • Advanced search
  • Recent comments
  • Most popular
  • Libraries

Log in to your account

Log in with GOOGLE


If you do not have an external account, but do have a local account, you can still log in:

  1. Home
  2. MARC view: Intermediate accounting II /
Normal view MARC view ISBD view

Intermediate accounting II / (Record no. 288950)

[ view plain ]
MARC details
000 -LEADER
fixed length control field 00463nam a2200169 4500
001 - CONTROL NUMBER
control field ocn0538854995
003 - CONTROL NUMBER IDENTIFIER
control field PILC
005 - DATE AND TIME OF LATEST TRANSACTION
control field 20151106082602.0
008 - FIXED-LENGTH DATA ELEMENTS--GENERAL INFORMATION
fixed length control field 990830s1997 ohu eng
020 ## - INTERNATIONAL STANDARD BOOK NUMBER
International Standard Book Number 9781308316444
050 00 - LIBRARY OF CONGRESS CALL NUMBER
Classification number HF 5635
Item number .In61 2015
245 10 - TITLE STATEMENT
Title Intermediate accounting II /
260 ## - PUBLICATION, DISTRIBUTION, ETC. (IMPRINT)
Place of publication, distribution, etc Philippines :
Name of publisher, distributor, etc McGraw Hill,
Date of publication, distribution, etc 2015.
300 ## - PHYSICAL DESCRIPTION
Extent 1 v. (various pagings) :
Other physical details illustrations ;
Dimensions 28 cm.
650 #0 - SUBJECT ADDED ENTRY--TOPICAL TERM
Topical term or geographic name as entry element Accounting.
942 ## - ADDED ENTRY ELEMENTS (KOHA)
Source of classification or shelving scheme Library of Congress Classification
Koha item type Books
Holdings
Withdrawn status Lost status Source of classification or shelving scheme Materials specified (bound volume or other part) Damaged status Home library Current library Shelving location Date acquired Source of acquisition Total Checkouts Full call number Barcode Date last seen Price effective from Koha item type
    Library of Congress Classification vol.2   College Library College Library Reserve Section 11/06/2015 Library Fund   HF 5635 .In61 2015 vol.2 C20277 05/15/2018 11/06/2015 Books

Intermediate accounting II /

APA

(2015). Intermediate accounting II. Philippines: McGraw Hill.

Chicago

2015. Intermediate accounting II. Philippines: McGraw Hill.

Harvard

(2015). Intermediate accounting II. Philippines: McGraw Hill.

MLA

Intermediate accounting II. Philippines: McGraw Hill. 2015.

  • Place hold
  • Print
  • Cite
  • Add to your cart (remove)
  • Save record
    BIBTEX Dublin Core MARCXML MARC (non-Unicode/MARC-8) MARC (Unicode/UTF-8) MARC (Unicode/UTF-8, Standard) MODS (XML) RIS
  • More searches
    Search for this title in:
    Other Libraries (WorldCat) Other Databases (Google Scholar) Online Stores (Bookfinder.com) Open Library (openlibrary.org)

Exporting to Dublin Core...

SOUTHVILLE LIBRARY

Southville International School and Colleges Library

1281 Tropical Ave. Cor. Luxembourg St., BF Homes International, Las Pinas City

Tel. No. 8256374 / 252358 Loc. 117/146

Powered by Koha